LIBRARY & INFORMATION CENTRE, KCAET, TAVANUR

ONLINE PUBLIC ACCESS CATALOGUE (OPAC)

Physio-biochemistry and biotechnology of vegetables (Record no. 13729)

MARC details
000 -LEADER
fixed length control field 00337nam a22001337a 4500
020 ## - INTERNATIONAL STANDARD BOOK NUMBER
ISBN 9380235313
020 ## - INTERNATIONAL STANDARD BOOK NUMBER
ISBN 9789380235318
082 ## - DEWEY DECIMAL CLASSIFICATION NUMBER
Classification number 660.6
Item number RAN/PH
245 ## - TITLE STATEMENT
Title Physio-biochemistry and biotechnology of vegetables
260 ## - PUBLICATION, DISTRIBUTION, ETC. (IMPRINT)
Place of publication New Delhi
Name of publisher New India Publishing Agency
Year of publication 2011
300 ## - PHYSICAL DESCRIPTION
Number of Pages 600p
700 ## - ADDED ENTRY--PERSONAL NAME
Personal name Rana, M.K
942 ## - ADDED ENTRY ELEMENTS (KOHA)
Koha item type Books
Holdings
Withdrawn status Lost status Damaged status Collection code Home library Current library Shelving location Date acquired Source of acquisition Cost, normal purchase price Full call number Accession Number Koha item type
      Non-fiction KAUAET KAUAET General Stacks 31/03/2012 International Books and periodical supply service, New Delhi 2250.00 660.6 RAN/PH 23538 Books
free website counter